| 000 | 01513nam0a2200373 i 4500 | ||
|---|---|---|---|
| 001 | RU\NLR\BIBL_A\012620394 | ||
| 005 | 20260409073604.0 | ||
| 010 |
_a9785751330897 _9300 |
||
| 021 |
_aRU _b2021-40917 _9КН-П-3211 |
||
| 035 | _a(NLR Aleph) 012620394 | ||
| 090 |
_a12637013 _c12637013 |
||
| 100 | _a20211014d2020 u y0rusy50 ca | ||
| 101 | 0 | _arus | |
| 102 | _aRU | ||
| 105 | _aa z 000zy | ||
| 181 | 0 |
_ai3 _baxxe |
|
| 181 | 0 |
_ab2 _bxb2e |
|
| 182 | 0 | _an | |
| 200 | 1 |
_aДесять помощников. 1, 2, 3 считаем до десяти _fЛия Льюис |
|
| 203 |
_aТекст _aИзображение _bвизуальные _cнепосредственные |
||
| 210 |
_aЯкутск _cИздательский дом Северо-Восточного федерального университета _cМультидитек _d2020 |
||
| 215 |
_a18, [4] с. _cцв. ил. _d30 |
||
| 225 | 1 | _aFuture books 3D | |
| 300 | _aЗагл. обл.: Считаем до десяти | ||
| 333 | _a5+ | ||
| 512 | 1 | _aСчитаем до десяти | |
| 606 |
_8rus _aДошкольники _xОбучение чтению _7ca _3RU\NLR\AUTH\661265029 _92089883 |
||
| 606 | 1 |
_aДошкольники _xОзнакомление с профессиями _92316187 _3RU\NLR\AUTH\661385912 |
|
| 686 | 1 | _aЧ491.71 | |
| 700 | 1 |
_7ca _8rus _aЛьюис _bЛ. Л. _gЛия Любовь _9247264 _3RU\NLR\AUTH\770247320 |
|
| 942 | _cBOOK | ||
| 980 | _aNBR | ||